| 000 | 01578nam a2200313 i 4500 | ||
|---|---|---|---|
| 001 | 991061720863006706 | ||
| 003 | ES-BaIT | ||
| 005 | 20260226101140.0 | ||
| 008 | 260226e202501 fr r 000 d fre c | ||
| 020 | _a9782749816524 | ||
| 040 |
_aES-BaIT _bcat _erda _cES-BaIT |
||
| 080 | _a840-2"19" | ||
| 100 | 1 |
_aLe Nouvel, Isabelle _eautor _9168717 |
|
| 245 | 1 | 0 |
_aMélancolie de la gloire / _cIsabelle Le Nouvel |
| 264 | 1 |
_aParis : _bL'avant-scène théâtre, _cjanvier 2025 |
|
| 300 |
_a78 pàgines ; _c21 cm |
||
| 336 |
_atext _btxt _2rdacontent |
||
| 337 |
_asense mediació _bn _2rdamedia |
||
| 338 |
_avolum _bnc _2rdacarrier |
||
| 490 | 1 |
_aL'Avant-scène théatre ; _vno 1576 |
|
| 500 | _aP3: D2, H1 | ||
| 500 | _aPublicat com no 1542 (janvier 2025) de la revista L'Avant-scène théâtre | ||
| 520 | _a"Francis, célèbre écrivain et opposant au régime de son pays, a été arrêté, emprisonné et isolé du monde dans un lieu secret. Privé de tout repère, son esprit commence à vaciller, surtout face aux visites répétées de Véronique, chargée de le faire renoncer à ses convictions. Le bras de fer engagé par le prisonnier avec sa visiteuse risque de la conduire à sa perte, mais peut-être pas de la manière dont il l'avait envisagé... Un face-à-face saisissant, aux tonalités dystopiques qui interrogent sur l'artiste, la création, la liberté"-- Contracoberta | ||
| 650 | 0 |
_aPresos polítics _vTextos dramàtics _9168718 |
|
| 830 |
_aAvant-scène. _pThéâtre _vno 1576 _9168170 |
||
| 908 | _aCDMAE | ||
| 940 | _aCDMAE | ||
| 942 |
_2udc _c1 |
||
| 999 |
_c137153 _d137153 |
||